[Event "Tradewise Gibraltar ChallWk2"]
[Site "Gibraltar"]
[Date "2017.01.31"]
[Round "4.7"]
[White "Meszaros, Andras"]
[Black "Vinas Guerrero, Carlos A"]
[Result "1-0"]
[WhiteElo "2240"]
[BlackElo "2111"]
[PlyCount "79"]
[EventDate "2017.01.28"]
[EventType "swiss"]
[EventRounds "5"]
[EventCountry "GGB"]
[SourceTitle "BritBase"]
[Source "www.saund.co.uk"]
[SourceDate "2018.02.10"]
[SourceVersion "1"]
[SourceVersionDate "2018.02.10"]
[SourceQuality "1"]

1. Nf3 Nf6 2. g3 d5 3. Bg2 c6 4. c4 e6 5. Qc2 Be7 6. O-O O-O 7. d4 Nbd7 8. Nbd2
Qa5 9. a3 c5 10. dxc5 Nxc5 11. cxd5 exd5 12. b4 Qa4 13. Ra2 Qxc2 14. Rxc2 Ne6
15. Bb2 Bd7 16. Nd4 Ba4 17. Rcc1 Nxd4 18. Bxd4 Bc6 19. Nb3 a6 20. Na5 Rfc8 21.
Bh3 Re8 22. Nxc6 bxc6 23. Rxc6 a5 24. Rb1 axb4 25. axb4 Ra4 26. Bxf6 gxf6 27.
b5 Rb8 28. b6 Rc4 29. Rxc4 dxc4 30. b7 c3 31. Bf5 Ba3 32. Rb3 Bb2 33. Kf1 h6
34. Ke1 Kf8 35. Kd1 Ke7 36. Kc2 Kd6 37. g4 Kc5 38. Bc8 Ba1 39. Ra3 Bb2 40. Ra8
1-0

[Event "Tradewise Gibraltar ChallWk2"]
[Site "Gibraltar"]
[Date "2017.01.31"]
[Round "4.8"]
[White "Pinho, Paulo"]
[Black "Schouten, Freek"]
[Result "0-1"]
[WhiteElo "2220"]
[BlackElo "2095"]
[PlyCount "36"]
[EventDate "2017.01.28"]
[EventType "swiss"]
[EventRounds "5"]
[EventCountry "GGB"]
[SourceTitle "BritBase"]
[Source "www.saund.co.uk"]
[SourceDate "2018.02.10"]
[SourceVersion "1"]
[SourceVersionDate "2018.02.10"]
[SourceQuality "1"]

1. d4 f5 2. g3 Nf6 3. Bg2 e6 4. Nf3 Be7 5. c4 O-O 6. O-O d6 7. b3 Qe8 8. Nc3 a5
9. Qc2 Nc6 10. Bb2 e5 11. dxe5 dxe5 12. Nd5 Bc5 13. Nxc7 Qh5 14. Nxa8 f4 15.
Nc7 fxg3 16. hxg3 Ng4 17. Qe4 Rxf3 18. Qxg4 Qxg4 0-1

[Event "Tradewise Gibraltar ChallWk2"]
[Site "Gibraltar"]
[Date "2017.01.31"]
[Round "4.9"]
[White "Verneuil, Pascal"]
[Black "Romero Valencia, Fernando"]
[Result "1-0"]
[WhiteElo "2215"]
[BlackElo "2078"]
[PlyCount "35"]
[EventDate "2017.01.28"]
[EventType "swiss"]
[EventRounds "5"]
[EventCountry "GGB"]
[SourceTitle "BritBase"]
[Source "www.saund.co.uk"]
[SourceDate "2018.02.10"]
[SourceVersion "1"]
[SourceVersionDate "2018.02.10"]
[SourceQuality "1"]

1. e4 d5 2. exd5 Nf6 3. Bb5+ Nbd7 4. Nf3 Nxd5 5. d4 c6 6. Be2 g6 7. c4 N5f6 8.
Nc3 Bg7 9. Bf4 O-O 10. Qd2 Re8 11. O-O Qa5 12. Rad1 e5 13. Nxe5 Nxe5 14. Bxe5
c5 15. Bxf6 Bxf6 16. Nd5 Bd8 17. Qxa5 Bxa5 18. Nf6+ 1-0

[Event "Tradewise Gibraltar ChallWk2"]
[Site "Gibraltar"]
[Date "2017.01.31"]
[Round "4.10"]
[White "Lochte, Thomas"]
[Black "Madina Yadarola, Martin"]
[Result "0-1"]
[WhiteElo "2070"]
[BlackElo "2214"]
[PlyCount "166"]
[EventDate "2017.01.28"]
[EventType "swiss"]
[EventRounds "5"]
[EventCountry "GGB"]
[SourceTitle "BritBase"]
[Source "www.saund.co.uk"]
[SourceDate "2018.02.10"]
[SourceVersion "1"]
[SourceVersionDate "2018.02.10"]
[SourceQuality "1"]

1. e4 d6 2. d4 Nf6 3. Nc3 c6 4. Nf3 Bg4 5. h3 Bh5 6. Bc4 e6 7. Bg5 Qa5 8. Qd2
b5 9. e5 Nfd7 10. Be2 Bxf3 11. Bxf3 dxe5 12. dxe5 Bb4 13. O-O-O Bxc3 14. Qxc3
Qxc3 15. bxc3 h6 16. Bf4 Nb6 17. Rd6 Nd5 18. Bg3 Ke7 19. Kd2 Rc8 20. Rb1 Nb6
21. Be2 N8d7 22. Rb4 Nc5 23. Rg4 g6 24. Bd3 Nca4 25. Rh4 Nb2 26. Kc1 N2c4 27.
Bxc4 Nxc4 28. Rd3 Rh8 29. Rhd4 Rad8 30. f4 Rd5 31. Bh4+ Kd7 32. Bf6 Rg8 33. g4
Nb6 34. Bh4 c5 35. Rxd5+ Nxd5 36. Bf2 Kc6 37. Rf3 Nb6 38. Rd3 Nc4 39. Bh4 g5
40. Bg3 gxf4 41. Bxf4 Rh8 42. Bg3 h5 43. g5 Rg8 44. h4 Rc8 45. Rf3 Rc7 46. Rd3
Rd7 47. Rf3 a5 48. Rf6 Kd5 49. Rh6 Ke4 50. Rf6 a4 51. g6 fxg6 52. Rxg6 Kf3 53.
Bh2 a3 54. Rg1 Ne3 55. Bg3 Ng4 56. Be1 Ke2 57. Bd2 c4 58. Re1+ Kf2 59. Re4 Rd5
60. Bg5 Rxe5 61. Rf4+ Kg3 62. Rf1 Rf5 63. Re1 e5 64. Be7 Kg2 65. Bxa3 Rf1 66.
Kd2 Rxe1 67. Kxe1 Kg3 68. Be7 Ne3 69. Bd6 Kf4 70. Kd2 Nf5 71. Bc7 Nxh4 72. Ke2
Nf5 73. Kf2 Ke4 74. Kg2 Ne3+ 75. Kg3 Nxc2 76. Kh4 Ne3 77. Kxh5 Nd5 78. Ba5 Kd3
79. Kg5 e4 80. Kg4 e3 81. Bd8 Nxc3 82. Kf3 Ne4 83. Bh4 c3 0-1

[Event "Tradewise Gibraltar ChallWk2"]
[Site "Gibraltar"]
[Date "2017.01.31"]
[Round "4.11"]
[White "Villar Reymundo, Juan Antonio"]
[Black "Ungureanu, Sandu"]
[Result "1-0"]
[WhiteElo "2212"]
[BlackElo "2071"]
[PlyCount "113"]
[EventDate "2017.01.28"]
[EventType "swiss"]
[EventRounds "5"]
[EventCountry "GGB"]
[SourceTitle "BritBase"]
[Source "www.saund.co.uk"]
[SourceDate "2018.02.10"]
[SourceVersion "1"]
[SourceVersionDate "2018.02.10"]
[SourceQuality "1"]

1. d4 d5 2. c4 c6 3. Nf3 Nf6 4. Qc2 g6 5. Bf4 Bf5 6. Qb3 Qb6 7. c5 Qxb3 8. axb3
Bxb1 9. Rxb1 Nbd7 10. h3 h5 11. e3 Bg7 12. Bd3 O-O 13. b4 a6 14. O-O Ne4 15.
Bxe4 dxe4 16. Ng5 Nf6 17. Be5 Rfe8 18. h4 Bh6 19. Bxf6 exf6 20. Nh3 a5 21. bxa5
Rxa5 22. b4 Rb5 23. Rb2 Ra8 24. Rfb1 b6 25. d5 cxd5 26. c6 Rc8 27. Rc2 Rc7 28.
Kf1 f5 29. Ng1 Bg7 30. Ne2 Kf8 31. Nd4 Bxd4 32. exd4 Ke7 33. Ke2 Kd6 34. Kd2 f4
35. Rc3 e3+ 36. fxe3 fxe3+ 37. Kc2 Ke6 38. Kb3 Kf5 39. Ka4 Rxb4+ 40. Kxb4 Ke4
41. Rd1 Rc8 42. Kb5 f5 43. c7 f4 44. Rc2 g5 45. hxg5 Kf5 46. Kxb6 Kxg5 47. Rc5
Kg4 48. Rxd5 Kg3 49. Rxh5 Kxg2 50. Kb7 Rg8 51. c8=Q Rxc8 52. Kxc8 f3 53. Re5 e2
54. Re1 Kf2 55. R5xe2+ fxe2 56. Rxe2+ Kxe2 57. d5 1-0

[Event "Tradewise Gibraltar ChallWk2"]
[Site "Gibraltar"]
[Date "2017.01.31"]
[Round "4.12"]
[White "Derakhshani, Borna"]
[Black "Kozarcanin, Sead"]
[Result "1-0"]
[WhiteElo "2195"]
[BlackElo "2069"]
[PlyCount "113"]
[EventDate "2017.01.28"]
[EventType "swiss"]
[EventRounds "5"]
[EventCountry "GGB"]
[SourceTitle "BritBase"]
[Source "www.saund.co.uk"]
[SourceDate "2018.02.10"]
[SourceVersion "1"]
[SourceVersionDate "2018.02.10"]
[SourceQuality "1"]

1. d4 d5 2. Bf4 Bf5 3. e3 e6 4. Nf3 Nf6 5. h3 h6 6. c3 c6 7. Nbd2 Qb6 8. Qb3
Nbd7 9. Bh2 Be7 10. c4 Qxb3 11. axb3 Bb4 12. Kd1 O-O 13. Ne1 Rfe8 14. Bd3 Ne4
15. Nxe4 dxe4 16. Bb1 e5 17. Nc2 Bf8 18. Ke2 a6 19. Rd1 f6 20. b4 Bg6 21. c5
Bf7 22. Ba2 Bxa2 23. Rxa2 exd4 24. exd4 f5 25. Ne3 g6 26. d5 Ne5 27. Bxe5 Rxe5
28. dxc6 bxc6 29. Rda1 f4 30. Nc4 Rg5 31. Kf1 Rb8 32. Nb6 Rd8 33. b3 Rd4 34.
Nc4 Bg7 35. Re1 f3 36. Rxa6 Rxg2 37. Rxc6 Rh2 38. Rxg6 Kf7 39. Kg1 Rxh3 40. Rg4
Rd3 41. Nd6+ Kg8 42. Nf5 e3 43. Nxe3 Kf7 44. Nf5 Bc3 45. Rc1 Bd2 46. Rd1 Rxb3
47. c6 Rc3 48. c7 Kf6 49. Nd6 Rxc7 50. Ne8+ Kf5 51. Nxc7 Kxg4 52. Rxd2 Kf5 53.
b5 Rh4 54. Rb2 Rd4 55. b6 Kg4 56. Kh2 Rb4 57. Rxb4+ 1-0

[Event "Tradewise Gibraltar ChallWk2"]
[Site "Gibraltar"]
[Date "2017.01.31"]
[Round "4.15"]
[White "Mircov, Nicola-Alexandar"]
[Black "Bottema, Martin"]
[Result "0-1"]
[WhiteElo "1957"]
[BlackElo "2128"]
[PlyCount "76"]
[EventDate "2017.01.28"]
[EventType "swiss"]
[EventRounds "5"]
[EventCountry "GGB"]
[SourceTitle "BritBase"]
[Source "www.saund.co.uk"]
[SourceDate "2018.02.10"]
[SourceVersion "1"]
[SourceVersionDate "2018.02.10"]
[SourceQuality "1"]

1. e4 e5 2. Nf3 Nc6 3. Bc4 Bc5 4. c3 Nf6 5. d4 exd4 6. e5 d5 7. Bb5 Ne4 8. cxd4
Bb6 9. Be3 O-O 10. a3 Bg4 11. Qc2 Bxf3 12. gxf3 Ng5 13. Bxc6 bxc6 14. Nd2 Ne6
15. Nb3 a5 16. a4 Qh4 17. O-O-O Qe7 18. Qxc6 Qb4 19. Rd3 Rfd8 20. Rg1 Qc4+ 21.
Rc3 Qb4 22. Kb1 Rab8 23. f4 Bxd4 24. Bxd4 Nxd4 25. Qf6 g6 26. e6 Nxe6 27. f5
Qe4+ 28. Ka2 Qxa4+ 29. Kb1 Qe4+ 30. Ka2 a4 31. Nd2 Qd4 32. Qxd4 Nxd4 33. fxg6
hxg6 34. Rxc7 Rb5 35. Rg4 Ne6 36. Rc2 d4 37. Nf3 Rf5 38. Rg3 Nc5 0-1

[Event "Tradewise Gibraltar ChallWk2"]
[Site "Gibraltar"]
[Date "2017.01.31"]
[Round "4.17"]
[White "Korning, Peter"]
[Black "Krokay, Urszula"]
[Result "1-0"]
[WhiteElo "2080"]
[BlackElo "2018"]
[PlyCount "79"]
[EventDate "2017.01.28"]
[EventType "swiss"]
[EventRounds "5"]
[EventCountry "GGB"]
[SourceTitle "BritBase"]
[Source "www.saund.co.uk"]
[SourceDate "2018.02.10"]
[SourceVersion "1"]
[SourceVersionDate "2018.02.10"]
[SourceQuality "1"]

1. e4 e5 2. Nf3 Nc6 3. Bb5 a6 4. Bxc6 dxc6 5. O-O Qf6 6. d4 exd4 7. Bg5 Qd6 8.
Nxd4 Bd7 9. Na3 Be7 10. Nc4 Qc5 11. Bxe7 Nxe7 12. Ne3 O-O-O 13. c3 Ng6 14. Qc2
Qg5 15. Kh1 Rhe8 16. b4 Qf4 17. Nef5 Rxe4 18. Nxg7 Qe5 19. Nf3 Qe7 20. Rae1 f5
21. Nh5 Re8 22. Qb1 Nh4 23. Rxe4 fxe4 24. Nxh4 Qxh4 25. Ng3 Re6 26. Re1 Rh6 27.
h3 Qf4 28. Qxe4 Qg5 29. Qe3 Qg6 30. Qa7 Kd8 31. Qb8+ Bc8 32. Rd1+ Qd6 33. Rxd6+
Rxd6 34. Ne4 Rd1+ 35. Kh2 b6 36. f3 Kd7 37. a4 Rb1 38. g4 Ra1 39. a5 bxa5 40.
Nc5+ 1-0

[Event "Tradewise Gibraltar ChallWk2"]
[Site "Gibraltar"]
[Date "2017.01.31"]
[Round "4.18"]
[White "Havik, Victor"]
[Black "Odeh, Kenneth"]
[Result "1-0"]
[WhiteElo "2074"]
[BlackElo "1969"]
[PlyCount "159"]
[EventDate "2017.01.28"]
[EventType "swiss"]
[EventRounds "5"]
[EventCountry "GGB"]
[SourceTitle "BritBase"]
[Source "www.saund.co.uk"]
[SourceDate "2018.02.10"]
[SourceVersion "1"]
[SourceVersionDate "2018.02.10"]
[SourceQuality "1"]

1. d4 Nf6 2. Bg5 Ne4 3. Bf4 d5 4. f3 Nf6 5. e4 dxe4 6. Nc3 Nd5 7. Nxd5 Qxd5 8.
Bxc7 Nc6 9. c3 exf3 10. Nxf3 Bg4 11. Be2 e6 12. O-O Be7 13. Qd2 O-O 14. a3 Rac8
15. Bg3 Na5 16. Rae1 Nc4 17. Bxc4 Rxc4 18. Ne5 Bh5 19. Nxc4 Qxc4 20. h3 Bg6 21.
Kh2 Rd8 22. Qf2 h5 23. Kh1 Rd7 24. Qe3 a5 25. Rf3 a4 26. Ref1 Rd5 27. Qf2 Rf5
28. Rxf5 Bxf5 29. Re1 Bg6 30. Be5 Qa2 31. Qe2 Bh4 32. Rf1 Qb3 33. Kh2 b5 34.
Bg3 Bf6 35. Rf2 Qd5 36. Be5 Bh4 37. Bg3 Bf6 38. Qf3 Qxf3 39. Rxf3 Be4 40. Re3
Bd5 41. Bf4 Kf8 42. g4 hxg4 43. hxg4 g6 44. g5 Be7 45. Kg3 f6 46. gxf6 Bxf6 47.
Kg4 Bb3 48. Be5 Bd1+ 49. Kf4 g5+ 50. Kg3 Be7 51. Re1 Bc2 52. Rh1 Kf7 53. Rh8
Bd3 54. Rb8 Kg6 55. Rb6 Bc4 56. Rb7 Bf6 57. Bxf6 Kxf6 58. Rc7 Kf5 59. Rc5+ Ke4
60. Rxg5 Kd3 61. Kf4 Bd5 62. Rh5 Kc2 63. Rh2+ Kb3 64. Ke5 Bc4 65. Kd6 Ka2 66.
Kc5 Kb1 67. Kb4 Kc1 68. Rg2 Kb1 69. Rg5 Kxb2 70. Rc5 Bd3 71. d5 exd5 72. Rxd5
Bc4 73. Rc5 Bd3 74. Re5 Bc4 75. Rf5 Kc2 76. Rf4 Kb2 77. Rh4 Ka2 78. Rxc4 bxc4
79. Kxa4 Kb2 80. Kb4 1-0

[Event "Tradewise Gibraltar ChallWk2"]
[Site "Gibraltar"]
[Date "2017.01.31"]
[Round "4.19"]
[White "Suez-Panama, Gilles"]
[Black "Kandic, Milan"]
[Result "1/2-1/2"]
[WhiteElo "2010"]
[BlackElo "2061"]
[PlyCount "130"]
[EventDate "2017.01.28"]
[EventType "swiss"]
[EventRounds "5"]
[EventCountry "GGB"]
[SourceTitle "BritBase"]
[Source "www.saund.co.uk"]
[SourceDate "2018.02.10"]
[SourceVersion "1"]
[SourceVersionDate "2018.02.10"]
[SourceQuality "1"]

1. d4 d6 2. Nf3 c6 3. e4 Nd7 4. Bd3 e5 5. O-O Be7 6. Re1 Ngf6 7. Nbd2 Qc7 8. c3
O-O 9. Nf1 Re8 10. Ng3 g6 11. h3 Bf8 12. Be3 Bg7 13. dxe5 dxe5 14. Qd2 Nf8 15.
Rad1 Ne6 16. Bh6 Nf4 17. Bxg7 Kxg7 18. Bf1 Be6 19. b3 h6 20. Qd6 Qxd6 21. Rxd6
Rad8 22. Rxd8 Rxd8 23. Nxe5 Rd2 24. Ra1 Rc2 25. c4 a5 26. Nd3 Nxd3 27. Bxd3 Rd2
28. Bf1 Nd7 29. f4 f5 30. Re1 Kf6 31. e5+ Ke7 32. Re2 Rd1 33. Kf2 Nc5 34. Rc2
g5 35. Be2 Ra1 36. Ke3 Na6 37. Nh5 Nb4 38. Rd2 Rxa2 39. Rxa2 Nxa2 40. Ng7 gxf4+
41. Kxf4 Nc1 42. Bd1 Nd3+ 43. Ke3 Nxe5 44. Kd4 Nd7 45. c5 Kf7 46. Nh5 Bd5 47.
Nf4 Be4 48. g4 Bb1 49. h4 fxg4 50. Bxg4 Ke7 51. Be2 Bc2 52. Bc4 a4 53. bxa4
Bxa4 54. Nh5 Bd1 55. Ng3 Bg4 56. Ne4 Kd8 57. Nd6 Kc7 58. Nf7 h5 59. Nh6 Bf3 60.
Nf5 Nf6 61. Bf7 b6 62. cxb6+ Kxb6 63. Ke5 Nd5 64. Nd4 Bg4 65. Bxd5 cxd5 1/2-1/2

[Event "Tradewise Gibraltar ChallWk2"]
[Site "Gibraltar"]
[Date "2017.01.31"]
[Round "4.20"]
[White "Ruston, Mark R"]
[Black "Mashayekh, Majid"]
[Result "1/2-1/2"]
[WhiteElo "2047"]
[BlackElo "1944"]
[PlyCount "88"]
[EventDate "2017.01.28"]
[EventType "swiss"]
[EventRounds "5"]
[EventCountry "GGB"]
[SourceTitle "BritBase"]
[Source "www.saund.co.uk"]
[SourceDate "2018.02.10"]
[SourceVersion "1"]
[SourceVersionDate "2018.02.10"]
[SourceQuality "1"]

1. e4 c5 2. Nc3 Nc6 3. g3 g6 4. Bg2 Bg7 5. d3 d6 6. Be3 Rb8 7. Qd2 e6 8. Nh3
Nge7 9. O-O Nd4 10. Nd1 e5 11. f4 Bxh3 12. Bxh3 Ndc6 13. f5 f6 14. fxg6 hxg6
15. Be6 Nd4 16. Bg4 f5 17. Bxd4 cxd4 18. exf5 Bh6 19. Qe2 gxf5 20. Bxf5 Nxf5
21. Rxf5 Qe7 22. Kg2 Kd7 23. Qf3 Rhf8 24. Nf2 Kc7 25. Ng4 Rxf5 26. Qxf5 Rf8 27.
Qg6 Be3 28. Re1 Qd7 29. Nxe3 dxe3 30. Rxe3 Qc6+ 31. Kg1 Rf3 32. Rxf3 Qxf3 33.
Qe4 Qd1+ 34. Kf2 Qxc2+ 35. Qe2 Qc5+ 36. Kg2 Qd5+ 37. Qe4 Qxa2 38. Qc4+ Qxc4 39.
dxc4 b5 40. h4 Kd7 41. h5 Ke7 42. cxb5 d5 43. Kf3 Kf6 44. g4 d4 1/2-1/2

[Event "Tradewise Gibraltar ChallWk2"]
[Site "Gibraltar"]
[Date "2017.01.31"]
[Round "4.21"]
[White "Clark, Ian C"]
[Black "Wilen, Eero"]
[Result "1/2-1/2"]
[WhiteElo "1969"]
[BlackElo "2035"]
[PlyCount "45"]
[EventDate "2017.01.28"]
[EventType "swiss"]
[EventRounds "5"]
[EventCountry "GGB"]
[SourceTitle "BritBase"]
[Source "www.saund.co.uk"]
[SourceDate "2018.02.10"]
[SourceVersion "1"]
[SourceVersionDate "2018.02.10"]
[SourceQuality "1"]

1. e4 c6 2. d4 d5 3. Nc3 dxe4 4. Nxe4 Nd7 5. Bc4 Ngf6 6. Ng5 e6 7. Ne2 h6 8.
Nf3 Bd6 9. O-O Qc7 10. Re1 O-O 11. Ng3 b6 12. Bd2 Bf4 13. Qe2 Bxd2 14. Nxd2 c5
15. c3 Bb7 16. f3 a6 17. Rac1 Qf4 18. Nde4 Rfc8 19. dxc5 Nxe4 20. Nxe4 Nxc5 21.
Nf2 b5 22. Bd3 Nxd3 23. Nxd3 1/2-1/2

[Event "Tradewise Gibraltar ChallWk2"]
[Site "Gibraltar"]
[Date "2017.01.31"]
[Round "4.23"]
[White "Gluckman, Paul"]
[Black "Lopez De Turiso, Jose Angel"]
[Result "1-0"]
[WhiteElo "1831"]
[BlackElo "2019"]
[PlyCount "63"]
[EventDate "2017.01.28"]
[EventType "swiss"]
[EventRounds "5"]
[EventCountry "GGB"]
[SourceTitle "BritBase"]
[Source "www.saund.co.uk"]
[SourceDate "2018.02.10"]
[SourceVersion "1"]
[SourceVersionDate "2018.02.10"]
[SourceQuality "1"]

1. e4 c5 2. Nf3 d6 3. d4 cxd4 4. Nxd4 e5 5. Nb5 a6 6. N5c3 Be6 7. Nd5 f5 8. Be3
Nd7 9. exf5 Bxf5 10. Bc4 Rc8 11. Bb3 Nc5 12. Bxc5 Rxc5 13. Ne3 Bg6 14. O-O Nf6
15. Nc3 Be7 16. Qf3 Qd7 17. Ncd5 Nxd5 18. Bxd5 Rf8 19. Qg3 Rf4 20. h3 Bf7 21.
Rad1 Kf8 22. Bxf7 Kxf7 23. Nd5 Rf5 24. Qb3 Rb5 25. Qc4 Qc6 26. Nxe7+ Kxe7 27.
Qh4+ Kf7 28. Qxh7 Rg5 29. g3 Rxb2 30. Qd3 Rxc2 31. Qxd6 Rxg3+ 32. fxg3+ 1-0

[Event "Tradewise Gibraltar ChallWk2"]
[Site "Gibraltar"]
[Date "2017.01.31"]
[Round "4.24"]
[White "Cholleti, Sahajasri"]
[Black "Lung, Liviu-Catalin"]
[Result "1/2-1/2"]
[WhiteElo "1987"]
[BlackElo "2090"]
[PlyCount "116"]
[EventDate "2017.01.28"]
[EventType "swiss"]
[EventRounds "5"]
[EventCountry "GGB"]
[SourceTitle "BritBase"]
[Source "www.saund.co.uk"]
[SourceDate "2018.02.10"]
[SourceVersion "1"]
[SourceVersionDate "2018.02.10"]
[SourceQuality "1"]

1. Nf3 Nf6 2. c4 g6 3. Nc3 Bg7 4. e4 O-O 5. d4 d6 6. Be2 e5 7. d5 a5 8. Be3 Ng4
9. Bg5 f6 10. Bh4 Na6 11. Nd2 Nh6 12. a3 Bd7 13. O-O Qe8 14. b3 Nf7 15. Rb1 Nc5
16. b4 axb4 17. axb4 Na4 18. Qc2 Nxc3 19. Qxc3 f5 20. f3 Bh6 21. Ra1 Rxa1 22.
Rxa1 Bxd2 23. Qxd2 f4 24. c5 g5 25. Bf2 g4 26. fxg4 Ng5 27. Bf3 Qg6 28. Qd3
Nxf3+ 29. gxf3 h5 30. g5 h4 31. Bxh4 Qh5 32. Bf2 Qxg5+ 33. Kh1 Kf7 34. Rg1 Qh5
35. h4 Ra8 36. Rg5 Ra1+ 37. Kh2 Qh8 38. Qc4 Qd8 39. b5 Rb1 40. cxd6 cxd6 41. b6
Rb2 42. Rg2 Rxf2 43. Rxf2 Qxh4+ 44. Kg1 Bh3 45. Qc7+ Kg8 46. Qxd6 Qg3+ 47. Kh1
Qxf2 48. Qg6+ Kf8 49. Qh6+ Kf7 50. Qxh3 Qe1+ 51. Kg2 Qe2+ 52. Kg1 Qe1+ 53. Qf1
Qg3+ 54. Qg2 Qe1+ 55. Kh2 Qh4+ 56. Kg1 Qe1+ 57. Kh2 Qh4+ 58. Kg1 Qe1+ 1/2-1/2

[Event "Tradewise Gibraltar ChallWk2"]
[Site "Gibraltar"]
[Date "2017.01.31"]
[Round "4.25"]
[White "Anuprita, Patil"]
[Black "Van Kemenade, Rudy"]
[Result "1-0"]
[WhiteElo "2066"]
[BlackElo "1955"]
[PlyCount "105"]
[EventDate "2017.01.28"]
[EventType "swiss"]
[EventRounds "5"]
[EventCountry "GGB"]
[SourceTitle "BritBase"]
[Source "www.saund.co.uk"]
[SourceDate "2018.02.10"]
[SourceVersion "1"]
[SourceVersionDate "2018.02.10"]
[SourceQuality "1"]

1. d4 Nf6 2. Nf3 g6 3. Nbd2 Bg7 4. e4 d6 5. Bd3 O-O 6. O-O Nc6 7. c3 e5 8. dxe5
dxe5 9. Qe2 Nh5 10. Bc2 Nf4 11. Qe3 g5 12. g3 Nh3+ 13. Kg2 Bf6 14. Ng1 Qd7 15.
Nb3 Qg4 16. Bd1 Nf4+ 17. Kh1 Qe6 18. gxf4 gxf4 19. Qe1 Be7 20. f3 Kh8 21. Bc2
Rg8 22. Bd2 Qg6 23. Qe2 Be6 24. Rf2 Bh4 25. Rg2 Qh5 26. Rf1 Rxg2 27. Qxg2 Bc4
28. Rd1 Rg8 29. Qh3 Qg6 30. Qg4 Qh6 31. Qh3 Qg6 32. Nc1 Bf2 33. Nce2 Nd8 34. b3
Be6 35. Qf1 Bg3 36. hxg3 fxg3 37. Kg2 h5 38. f4 Bg4 39. f5 Qa6 40. Nxg3 Qxa2
41. Rc1 h4 42. Qe1 Bh5 43. Kh3 Bg4+ 44. Kh2 hxg3+ 45. Qxg3 Rg7 46. Bh6 Rh7 47.
Qxg4 Rxh6+ 48. Nh3 Qb2 49. Qg5 Kh7 50. Qd2 Nc6 51. Rg1 f6 52. Qg2 Rxh3+ 53.
Qxh3# 1-0

[Event "Tradewise Gibraltar ChallWk2"]
[Site "Gibraltar"]
[Date "2017.01.31"]
[Round "4.28"]
[White "O'Neil, Jim"]
[Black "Carlsten, Peter"]
[Result "1/2-1/2"]
[WhiteElo "1950"]
[BlackElo "2047"]
[PlyCount "59"]
[EventDate "2017.01.28"]
[EventType "swiss"]
[EventRounds "5"]
[EventCountry "GGB"]
[SourceTitle "BritBase"]
[Source "www.saund.co.uk"]
[SourceDate "2018.02.10"]
[SourceVersion "1"]
[SourceVersionDate "2018.02.10"]
[SourceQuality "1"]

1. e4 d6 2. d4 Nf6 3. f3 Nbd7 4. c4 e5 5. d5 Be7 6. Nc3 O-O 7. Be3 c6 8. Qd2 a6
9. Nge2 cxd5 10. exd5 Nh5 11. O-O-O f5 12. g4 fxg4 13. fxg4 Nhf6 14. h3 Qc7 15.
Ng3 b5 16. g5 Ne8 17. Bd3 Rf3 18. Nf5 Nf8 19. Rdf1 Rxf1+ 20. Rxf1 Bxf5 21. Rxf5
bxc4 22. Bb1 Bd8 23. Rf1 Qe7 24. Qf2 Ba5 25. Qh4 Bxc3 26. bxc3 Rb8 27. Qxc4 Qb7
28. Bc2 Qb5 29. Qxb5 axb5 30. Kd2 1/2-1/2

[Event "Tradewise Gibraltar ChallWk2"]
[Site "Gibraltar"]
[Date "2017.01.31"]
[Round "4.29"]
[White "Hamer, Martyn"]
[Black "Miracola, Giorgia"]
[Result "1-0"]
[WhiteElo "2039"]
[BlackElo "1924"]
[PlyCount "83"]
[EventDate "2017.01.28"]
[EventType "swiss"]
[EventRounds "5"]
[EventCountry "GGB"]
[SourceTitle "BritBase"]
[Source "www.saund.co.uk"]
[SourceDate "2018.02.10"]
[SourceVersion "1"]
[SourceVersionDate "2018.02.10"]
[SourceQuality "1"]

1. Nf3 g6 2. g3 Bg7 3. d4 c5 4. c4 f5 5. Bg2 Nf6 6. O-O O-O 7. d5 d6 8. Nc3 Na6
9. e4 fxe4 10. Ng5 Bg4 11. Qe1 Nb4 12. h3 Nc2 13. Qd2 Nxa1 14. hxg4 e3 15. Qd1
exf2+ 16. Kh2 Qb6 17. Ne6 Rf7 18. Nxg7 Kxg7 19. Qe2 h5 20. gxh5 Nxh5 21. Be4
Nf6 22. Bd3 Raf8 23. Kg2 Qc7 24. Ne4 Nh7 25. Qg4 Qc8 26. Qh4 Qf5 27. Bh6+ Kg8
28. Rxf2 Qxf2+ 29. Nxf2 Rxf2+ 30. Kh3 R8f6 31. Qg4 Kf7 32. Bf4 Nc2 33. Qh4 Kg8
34. Qh6 Nf8 35. Bg5 Rf7 36. Bxg6 Nxg6 37. Qxg6+ Rg7 38. Qe6+ Kh8 39. Bxe7 Kh7
40. Bxd6 Nd4 41. Qe4+ Kg8 42. Be5 1-0

[Event "Tradewise Gibraltar ChallWk2"]
[Site "Gibraltar"]
[Date "2017.01.31"]
[Round "4.30"]
[White "Pleasants, Allan J"]
[Black "Cramling Bellon, Anna Yolanda"]
[Result "0-1"]
[WhiteElo "2018"]
[BlackElo "1954"]
[PlyCount "54"]
[EventDate "2017.01.28"]
[EventType "swiss"]
[EventRounds "5"]
[EventCountry "GGB"]
[SourceTitle "BritBase"]
[Source "www.saund.co.uk"]
[SourceDate "2018.02.10"]
[SourceVersion "1"]
[SourceVersionDate "2018.02.10"]
[SourceQuality "1"]

1. e4 c5 2. b3 Nc6 3. Nc3 e6 4. Nf3 d6 5. Bb2 Nf6 6. Bb5 Bd7 7. O-O Be7 8. Re1
Qc7 9. d4 cxd4 10. Nxd4 O-O 11. Nxc6 Bxc6 12. Bd3 a5 13. f4 Rfd8 14. Qe2 Nd7
15. e5 dxe5 16. Ne4 exf4 17. Qg4 Ne5 18. Qxf4 Qb6+ 19. Kh1 Nxd3 20. cxd3 Bxe4
21. dxe4 f6 22. Rac1 Rac8 23. h3 Rc6 24. Rxc6 bxc6 25. Qg4 c5 26. Qe2 Qb4 27.
Rc1 Rd2 0-1

[Event "Tradewise Gibraltar ChallWk2"]
[Site "Gibraltar"]
[Date "2017.01.31"]
[Round "4.31"]
[White "Christophe-Hayot, Romain"]
[Black "Van De Groep, William"]
[Result "0-1"]
[WhiteElo "1784"]
[BlackElo "1994"]
[PlyCount "86"]
[EventDate "2017.01.28"]
[EventType "swiss"]
[EventRounds "5"]
[EventCountry "GGB"]
[SourceTitle "BritBase"]
[Source "www.saund.co.uk"]
[SourceDate "2018.02.10"]
[SourceVersion "1"]
[SourceVersionDate "2018.02.10"]
[SourceQuality "1"]

1. d4 e6 2. c4 c5 3. Nf3 Nf6 4. Nc3 Be7 5. e3 O-O 6. d5 exd5 7. cxd5 d6 8. Be2
a6 9. O-O Bg4 10. b3 b5 11. Bb2 Nbd7 12. Re1 Rc8 13. h3 Bxf3 14. Bxf3 Ne5 15.
Be2 Re8 16. Nxb5 axb5 17. Bxe5 dxe5 18. Bxb5 Rf8 19. e4 Qb6 20. Bc4 Ne8 21. Rb1
Nd6 22. Qd3 Ra8 23. a4 Rfd8 24. Re2 Qb4 25. Reb2 g6 26. Ra2 Rdb8 27. Raa1 Bf6
28. Kf1 Bg7 29. g4 Bh6 30. Ke2 Bf4 31. h4 Kg7 32. h5 h6 33. f3 Qa5 34. Ra2 Rb4
35. Rab2 Qd8 36. Rh1 Nxc4 37. Rc2 Na5 38. Rxc5 Rxb3 39. Qc2 Qb6 40. Kf1 Rb2 41.
Qc3 Rc8 42. Qxb2 Qxb2 43. Rxc8 Be3 0-1